| 000 | 00504nam a22001817a 4500 | ||
|---|---|---|---|
| 999 |
_c6736 _d6736 |
||
| 003 | OSt | ||
| 005 | 20190119155142.0 | ||
| 008 | 190119b ||||| |||| 00| 0 eng d | ||
| 020 | _a0847411273 | ||
| 040 | _cDLC | ||
| 082 |
_a231.42 _bE64M |
||
| 100 | _aEpp, Theodore H. | ||
| 245 |
_aMarriage, Divorce and Remarriage / _cTheodore H. Epp. |
||
| 260 |
_aLincoln, Nebraska ; _bBack to Bible, _cc1954. |
||
| 300 | _a85 p.: | ||
| 650 |
_aBiblical teaching _xMarriage, Devorce and Remarriage |
||
| 942 |
_2ddc _cBK |
||